000 00782nam a2200217Ia 4500
003 GCL
005 20240530102247.0
008 140319s9999 xx 000 0 ara d
040 _aGCL /
_cGCL
082 0 4 _a301.361
_bق/اع
100 1 _aاحمد محمد عبدالله حميد
245 1 0 _aالعمران فى الواحات البحرية :
_cاحمد محمد عبدالله حميد
_bدراسة ميدانية /
260 _aالقاهرة :
_bمعهد البحوث والدراسات العربية ،
_c1986
300 _a57 ص ؛
_c19 سم
490 _aسلسلة الدراسات الخاصة
650 0 4 _aالسكان
650 0 4 _aالمناخ
650 0 4 _aالجغرافيا البشرية
650 0 4 _aالواحات البحرية
942 _2ddc
_cBK
999 _c30973
_d30973